000 00815cam a2200265 4500
001 ABS67232
008 031127n2003 000 0 eng u
035 _a(Sirsi) u124492
245 _aRegional survey: Staffordshire and Shropshire
260 _c2003
490 _aProperty Week
_v68(43) 31 October 2003, 57-70(8)
590 _aABS
650 _aSTAFFORDSHIRE
650 _aSHROPSHIRE
650 _aTELFORD
650 _aTRENTHAM
650 _aSTOKE ON TRENT
650 _aSHREWSBURY
650 _aMARKET DRAYTON
650 _aPROPERTY-COMMERCIAL PROPERTY-OFFICE PROPERTY-OFFICE PROPERTY MARKET
650 _aPROPERTY-COMMERCIAL PROPERTY-RETAIL PROPERTY-RETAIL PROPERTY MARKET
650 _aINDUSTRIAL MARKET
690 _aPROPERTY-COMMERCIAL PROPERTY-COMMERCIAL PROPERTY MARKET
942 _n0
999 _c73874
_d73874